000 00880nam a2200253 i 4500
001 81778
003 ES-MaACL
005 20250702063049.0
007 t|
008 041108s1985 ve ||||1| spa d
020 _a980-01-0074-1
100 1 _aHumboldt, Alexander von,
_d1769-1859
_964715
245 1 0 _aViaje a las regiones equinocciales del Nuevo Continente /
_cAlejandro de Humboldt ; traducción de Lisandro Alvarado, Eduardo Rölh y José Nucete-Sardi.
260 _aCaracas :
_bMonte Avila,
_c1985.
300 _a7 v. :
_bil. ;
_c16 cm.
500 _aIndices.
651 4 _aAmérica del Sur-
_xDescripción.
_97712
700 1 _aAlvarado, Lisandro.
_920594
700 1 _aRöhl, Eduardo.
_998981
700 1 _aNucete-Sardi, José.
_986117
852 _aES-MaACL
_jG-488-89
_bR.113008
852 _aES-MaACL
_jL-12040-44
_bR.114300
999 _c81778
_d81778